00310nam a2200109Ia 4500008004100000082002000041100002800061245002200089260003900111630001800150650003200168211109s9999||||xx |||||||||||||| ||und|| a894.8124bSAN-S aSankaran Nampiyar P M,  0aSahithya Lekhanam bNATIONAL BOOKSTALLaKottayamc1998 xGeneral Stack aMalayalam EssaysxMalayalam